header

Crusade propaganda and ideology (Record no. 11208)

MARC details
000 -LEADER
fixed length control field 01257nam a2200313 a 4500
082 04 - DEWEY DECIMAL CLASSIFICATION NUMBER
Classification number 909.07
245 00 - TITLE STATEMENT
Title Crusade propaganda and ideology
260 ## - PUBLICATION, DISTRIBUTION, ETC. (IMPRINT)
Place of publication Cambridge ;
-- New York :
Name of publisher Cambridge University Press,
Year of publication 2000.
300 ## - PHYSICAL DESCRIPTION
Number of Pages viii, 280 p.
500 ## - GENERAL NOTE
General note Sermons in Latin with English transaltions.
650 #0 - SUBJECT ADDED ENTRY--TOPICAL TERM
Topical Term Crusades
Topical Term Crusades
700 1# - ADDED ENTRY--PERSONAL NAME
Personal name Maier, Christoph T.
856 40 - ELECTRONIC LOCATION AND ACCESS
Uniform Resource Identifier http://site.ebrary.com/lib/rucke/Doc?id=10014913

No items available.

© 2026 Rongo University
Contact us: librarian | system librarian | Rongo university